000 00433nam a2200205Ia 4500
001 003910
003 YMCAF
005 20230512160238.0
008 100717s1974 ||||||||||||||||| ||und|d
024 _a3910
035 _a3915
040 _aYMCAF
_beng
_cIN-KoLT
041 _aeng
082 _aUNI-CUR
100 _aCURRICULUM DEV
245 0 _aUNITARY SUMMAR SCHOOL TEACH
260 _c1974
300 _a42
942 _2ddc
_cBK
999 _c3106
_d3106